| 000 | 00000nam##2200000za#4500 |
| 001 | 9.579467 |
| 003 | CaOODSP |
| 005 | 20210624190557 |
| 007 | cr ||||||||||| |
| 008 | 150406|1991||||xxc|||||o f|0| 0 eng|d |
| 022 | |a1488-5387 |
| 040 | |aCaOODSP|beng |
| 043 | |an-cn--- |
| 086 | 1 |aFs97-4/2096E-PDF |
| 110 | 1 |aCanada. |bDepartment of Fisheries and Oceans. |
| 245 | 10|aSeapen rearing to maturity of Squamish River Chinook salmon / |h[electronic resource]|cby A.Y. Fedorenko and C. L. Cross. |
| 260 | |aVancouver - British Columbia : |bFisheries and Oceans Canada |c1991. |
| 300 | |a43p.|bfigs., references, tables |
| 490 | 1 |aCanadian manuscript report of fisheries and aquatic sciences|x1488-5387|vNo. 2096 |
| 500 | |aOn t. p. : Salmonid Enhancement Branch, Vancouver, B.C. The catalogue number and ISSN for the print edition appear in the PDF version. |
| 546 | |a(Résumés en français) |
| 590 | |a14-07-Supp|b2014-04-03 |
| 720 | 1 |aCross, C. L. |
| 720 | 1 |aFedorenko, A. Y. |
| 830 | #0|aCanadian manuscript report of fisheries and aquatic sciences,|x1488-5387|vNo. 2096|w(CaOODSP)9.505211 |
| 856 | 40|ahttp://publications.gc.ca|qPDF|s1633 KB|uhttps://publications.gc.ca/collections/collection_2014/mpo-dfo/Fs97-4-2096-eng.pdf|yNo. 2096 |